| 000 | 00000nam 2200000zi 4500 |
| 001 | 9.937437 |
| 003 | CaOODSP |
| 005 | 20250603085257 |
| 006 | m o d f |
| 007 | cr mn||||||||| |
| 008 | 240425t20242024onc o f000 0 fre d |
| 020 | |a9780660715902 |
| 040 | |aCaOODSP|bfre|erda|cCaOODSP |
| 043 | |an-cn--- |
| 086 | 1 |aFD4-36/2024F-PDF |
| 245 | 00|aBulletin spécial sur l'activité financière associée au contournement soupçonné des sanctions. |
| 264 | 1|aOttawa (Ontario) : |bCentre d'analyse des opérations et déclarations financières du Canada = Financial Transactions and Reports Analysis Centre of Canada, |c2024. |
| 264 | 4|c©2024 |
| 300 | |a1 ressource en ligne (8 pages) |
| 336 | |atexte|btxt|2rdacontent/fre |
| 337 | |ainformatique|bc|2rdamedia/fre |
| 338 | |aressource en ligne|bcr|2rdacarrier/fre |
| 500 | |aTitre de départ. |
| 500 | |a« juin 2024. » |
| 500 | |aPublié aussi en anglais sous le titre : Special bulletin on financial activity associated with suspected sanctions evasion. |
| 520 | |a« Le contenu du présent bulletin peut servir aux entités déclarantes à identifier et à évaluer les risques de blanchiment d'argent, de financement des activités terroristes ou de contournement de sanctions, à appliquer des contrôles et des mesures pour atténuer ces risques, et à détecter et à déclarer efficacement les opérations douteuses à CANAFE » -- Page 1. |
| 650 | 6|aSanctions (Droit)|zCanada. |
| 650 | 6|aBlanchiment de l'argent|zCanada. |
| 650 | 6|aTerrorisme|zCanada|xFinances. |
| 710 | 2 |aCentre d'analyse des opérations et déclarations financières du Canada, |eorganisme de publication. |
| 775 | 08|tSpecial bulletin on financial activity associated with suspected sanctions evasion.|w(CaOODSP)9.937436 |
| 856 | 40|qPDF|s430 Ko|uhttps://publications.gc.ca/collections/collection_2024/canafe-fintrac/FD4-36-2024-fra.pdf |
| 856 | 4 |qHTML|sS.O.|uhttps://fintrac-canafe.canada.ca/intel/bulletins/sanctions-fra |
| 986 | |aCANAFE-2024-SB002 |